LEADER 01322nam a2200241 i 4500 001 000000194305 003 CaOOAMICUS 005 20101110000000.0 008 101110s1920 it u000 u ita u 013 $a172956 040 $aSeMil$bita 100 1 $aSalotti, Carlo .$0(OLS)http://semarc/name/33216 245 10$aVita e Matrimonio del Beato Oliviero Plunket :$bArcivescovo di Armagh e primate d'Irlanda /$cMons. Carlo Salotti. 246 04$iTitolo in copertina:$aUn martire Irlandese (Oliviero Plunket) : Pagine storiche documentate sull'intolleranza anticattolica 260 $aRoma :$bLibreria editrice religiosa,$cstampa 1920. 300 $a274 p., [1] p. di ritratto , 23 cm. 500 $aContiene : Appendice. 650 4$aPlunkett, Oliver .$0(OLS)http://semarc/subject/11663 850 $aSeMil 852 $aSeMil$W1$xVenegono$y1$m3J IV 75$j144879$B144879$CSeMilBibl$Z2$F156309 $81 996 $6245$aVita e Matrimonio del Beato Oliviero Plunket :$bArcivescovo di Armagh e primate d'Irlanda$9(OLS)http://semarc/title/280131 996 $6246$aUn martire Irlandese (Oliviero Plunket) : Pagine storiche documentate sull'intolleranza anticattolica$9(OLS)http://semarc/title/280132 996 $6260$aRoma :$bLibreria editrice religiosa$9(OLS)http://semarc/publisher/47562 LEADER 01135nam a2200229 i 4500 001 000000045881 003 CaOOAMICUS 005 20191029170844.0 008 120622s1892 it u000 u ita u 013 $a17051 040 $aSeMil$bita 245 10$aConstitutiones dogmaticae sacrosancti Oecumenici Concilii Vaticani :$bex ipsis eius actis explicate atque illustratae /$ca Theodoro Granderath. 260 $aFriburgi Brisgoviae :$bsumptibus Herder,$c1892. 300 $aviii, 243 p. ;$c23 cm. 650 4$aConcilio Vaticano I <1869-1870>.$0(OLS)http://semarc/subject/1023 700 1 $aGranderath, Théodor .$0(OLS)http://semarc/name/732 700 1 $aConcilio Vaticano <1. ; 1869-1870>.$0(OLS)http://semarc/name/22808 850 $aSeMil 852 $aSeMil$W1$xVenegono$y1$m2A III 27 FA$j12036$B12036$CSeMilBibl$Z2$F12036 $8I 996 $6245$aConstitutiones dogmaticae sacrosancti Oecumenici Concilii Vaticani :$bex ipsis eius actis explicate atque illustratae$9(OLS)http://semarc/title/68412 996 $6260$aFriburgi Brisgoviae :$bsumptibus Herder$9(OLS)http://semarc/publisher/30339